00721nam a22002177a 4500003000500000005001700005008004100022010001100063011001100074035001100085040000900096082001400105100003000119245011100149260008000260300001900340650002600359650004000385650005100425700002700476CHAP20220329143724.0110411s1977 mx a r 00010 spa d a100913 a101885 a112573 cCHAP04a547bAg931 aAguilar Villalon, Gloria.10aPrácticas de química orgánica sistematizadasc/por Gloria Aguilar Villalón y Luis Romero Rodriguez aMorelia, Mich. :bUniversidad Michoacana de San Nicolás de Hidalgo,c1977 a99 p. :bilus.14aQuímica orgánica.14aQuímica orgánicaxExperimentos.14aQuímica orgánicaxManuales de laboratorio.1 aRomero Rodriguez, Luis